Материалы XXXVI Урало-Поволжской археологической студенческой конференции (2-5 февраля 2004 года) (Запись № 760412)

Подробности
000 -МАРКЕР
контрольное поле 02040nam0a2200397 4500
001 - ИДЕНТИФИКАТОР ЗАПИСИ
контрольное поле RU\NLR\bibl\740752
005 - ИДЕНТИФИКАТОР ВЕРСИИ
контрольное поле 20260408175711.0
010 ## - МЕЖДУНАРОДНЫЙ СТАНДАРТНЫЙ НОМЕР КНИГИ (ISBN)
Номер (ISBN) 5-94321-036-9
Тираж 300
021 ## - НОМЕР ГОСУДАРСТВЕННОЙ РЕГИСТРАЦИИ
Код страны Российская Федерация
Номер 2004-49297
Номер Листа государственной регистраци 2427
035 ## - ДРУГИЕ СИСТЕМНЫЕ НОМЕРА
Идентификатор записи (NLR Aleph) 000730641
100 ## - ДАННЫЕ ОБЩЕЙ ОБРАБОТКИ
Данные общей обработки 20050328d2004 |||y0rusy50 ca
101 0# - ЯЗЫК РЕСУРСА
Язык текста, звукозаписи и т.д. русский
102 ## - СТРАНА ПУБЛИКАЦИИ ИЛИ ПРОИЗВОДСТВА
Страна публикации Российская Федерация
105 ## - ПОЛЕ КОДИРОВАННЫХ ДАННЫХ: ТЕКСТОВЫЕ МАТЕРИАЛЫ, МОНОГРАФИЧЕСКИЕ
Кодированные данные о монографическом текстовом документе a |||||||||
200 1# - ЗАГЛАВИЕ И СВЕДЕНИЯ ОБ ОТВЕТСТВЕННОСТИ
Основное заглавие Материалы XXXVI Урало-Поволжской археологической студенческой конференции (2-5 февраля 2004 года)
210 ## - ПУБЛИКАЦИЯ, РАСПРОСТРАНЕНИЕ И ДР.
Место издания, распространения и т.д. Пенза
Имя издателя, распространителя и т. д. Изд-во Пензенского государственного педагогического университета
Дата издания, распространения и т.д. 2004
215 ## - ФИЗИЧЕСКАЯ ХАРАКТЕРИСТИКА
Специфическое обозначение материала и объем 261 с.
Другие сведения о физической характеристике ил.
Размеры 21
300 ## - ОБЩИЕ ПРИМЕЧАНИЯ
Текст примечания В надзаг.: Пенз. гос. пед. ун-т им. В.Г. Белинского, Пенз. гос. объед. краевед. музей
300 ## - ОБЩИЕ ПРИМЕЧАНИЯ
Текст примечания 65 лет Пенз. обл.
300 ## - ОБЩИЕ ПРИМЕЧАНИЯ
Текст примечания 65 лет Пенз. гос. пед. ун-ту
320 ## - ПРИМЕЧАНИЯ О НАЛИЧИИ В ДОКУМЕНТЕ БИБЛИОГРАФИИ / УКАЗАТЕЛЯ
Текст примечания Библиогр. в конце докл.
607 ## - ГЕОГРАФИЧЕСКОЕ НАИМЕНОВАНИЕ КАК ПРЕДМЕТ
Географическое наименование Поволжье
Формальный подзаголовок Съезды, совещания и т.п.
Тематический подзаголовок Археологические исследования
Системный номер авторитетной/нормативной записи 1906256
Идентификатор авторитетной/нормативной записи RU\NLR\auth\66868328
607 ## - ГЕОГРАФИЧЕСКОЕ НАИМЕНОВАНИЕ КАК ПРЕДМЕТ
Географическое наименование Приуралье
Формальный подзаголовок Съезды, совещания и т.п.
Тематический подзаголовок Археология
Системный номер авторитетной/нормативной записи 1539649
Идентификатор авторитетной/нормативной записи RU\NLR\auth\66972391
607 ## - ГЕОГРАФИЧЕСКОЕ НАИМЕНОВАНИЕ КАК ПРЕДМЕТ
Географическое наименование Приуралье
Формальный подзаголовок Съезды, совещания и т.п.
Тематический подзаголовок Этнография
Системный номер авторитетной/нормативной записи 1539678
Идентификатор авторитетной/нормативной записи RU\NLR\auth\66972404
607 ## - ГЕОГРАФИЧЕСКОЕ НАИМЕНОВАНИЕ КАК ПРЕДМЕТ
Географическое наименование Поволжье
Тематический подзаголовок Этнография
Идентификатор авторитетной/нормативной записи RU\NLR\auth\66869363
Системный номер авторитетной/нормативной записи 1908101
686 ## - ИНДЕКСЫ ДРУГИХ КЛАССИФИКАЦИЙ
Индекс Т4(2Р36)я431
686 ## - ИНДЕКСЫ ДРУГИХ КЛАССИФИКАЦИЙ
Индекс Т4(2Р35)я431
686 ## - ИНДЕКСЫ ДРУГИХ КЛАССИФИКАЦИЙ
Индекс Т52(235)я431
686 ## - ИНДЕКСЫ ДРУГИХ КЛАССИФИКАЦИЙ
Индекс Т52(236)я431
710 12 - НАИМЕНОВАНИЕ ОРГАНИЗАЦИИ - ПЕРВИЧНАЯ ОТВЕТСТВЕННОСТЬ
Код отношения Автор
Начальный элемент ввода Урало-Поволжская археологическая студенческая конференция
Порядковый номер временной организации и / или порядковый номер ее части 36
Дата проведения временной организации 2004
Место проведения временной организации Пенза
Идентификатор авторитетной/нормативной записи RU\NLR\AUTH\8810062570
Системный номер авторитетной/нормативной записи 626685
801 #0 - ИСТОЧНИК ЗАПИСИ
Страна Российская Федерация
Организация NLR
Дата составления 20050328
Правила каталогизации PSBO
801 #1 - ИСТОЧНИК ЗАПИСИ
Страна Российская Федерация
Организация NLR
Дата составления 20050328
942 ## - ДОПОЛНИТЕЛЬНЫЕ ЭЛЕМЕНТЫ ЗАПИСИ (АБИС)
Тип экземпляра АБИС Книга
980 ## - КОЛЛЕКЦИЯ
Название коллекции Национальная библиография
Экземпляры
Тип экземпляра Дата поступления Источник поступления Библиотека постоянного хранения Библиотека текущего хранения Место хранения Шифр хранения Штрих-код Статус экземпляра
Книга 28.03.2005 Обязательный экземпляр РНБ (Московский) РНБ (Московский) Русский книжный фонд: издания с 1957 года 2005-3/7076 880985  
Книга 28.03.2005 Обязательный экземпляр РНБ (Московский) РНБ (Московский) Русский книжный фонд: издания с 1957 года 2005-3/7076 880986